Disaster management / (Record no. 26842)

MARC details
000 -LEADER
fixed length control field 02740naa a2200385 4500
005 - DATE AND TIME OF LATEST TRANSACTION
control field 20090526163812.0
008 - FIXED-LENGTH DATA ELEMENTS--GENERAL INFORMATION
fixed length control field 090526t xxu||||| |||| 00| 0 eng d
010 ## - LCCN (DPL NO)
LC control number ENG-93750
020 ## - INTERNATIONAL STANDARD BOOK NUMBER
Terms of availability 695.00
International Standard Book Number 9788130303689
035 ## - SYSTEM CONTROL NUMBER
System control number EN-77283
035 ## - SYSTEM CONTROL NUMBER
System control number B-359575-594
037 ## - SOURCE OF ACQUISITION
Source of stock number/acquisition DBAD / PUB
037 ## - SOURCE OF ACQUISITION
Source of stock number/acquisition APH Pub.
040 ## - CATALOGING SOURCE
Original cataloging agency dpl
Language of cataloging English
082 ## - DEWEY DECIMAL CLASSIFICATION NUMBER
Classification number 363.34
100 ## - MAIN ENTRY--PERSONAL NAME
Personal name Singh, S. R.
245 ## - TITLE STATEMENT
Title Disaster management /
Statement of responsibility, etc by S. R. Singh
260 ## - PUBLICATION, DISTRIBUTION, ETC. (IMPRINT)
Place of publication, distribution, etc New Delhi
Name of publisher, distributor, etc APH Publishing
Date of publication, distribution, etc 2009
270 ## - ADDRESS
Address 4435-36/7, Ansari Road, Darya Ganj
City New Delhi
Telephone number 011-23274050
Postal code 110 002
Electronic mail address aphbooks@vsnl.net
300 ## - PHYSICAL DESCRIPTION
Extent xi, 288 p.
Dimensions 23cm(Hb)
500 ## - GENERAL NOTE
General note Includes index
650 ## - SUBJECT ADDED ENTRY--TOPICAL TERM
Topical term or geographic name as entry element Emergency management
650 ## - SUBJECT ADDED ENTRY--TOPICAL TERM
Topical term or geographic name as entry element Disaster relief
942 ## - ADDED ENTRY ELEMENTS (KOHA)
Institution code [OBSOLETE] dpl
Item type English Books
Source of classification or shelving scheme Dewey Decimal Classification
Classification part 363.34
Call number suffix SIN
Holdings
Withdrawn status Lost status Source of classification or shelving scheme Damaged status Not for loan Collection code Home library Current library Date acquired Source of acquisition Cost, normal purchase price Total Checkouts Full call number Barcode Date last seen Copy number Cost, replacement price Koha item type Total Renewals
    Dewey Decimal Classification     Non-fiction Bawana Bawana 21/01/2010 APH/21311/21.10.09/109/16.10.09/21.10.09 695.00 1 363.34 SIN B-359580 25/07/2022 1 695.00 English Books  
    Dewey Decimal Classification     Non-fiction Central Library Central Library 21/01/2010 APH/21311/21.10.09/109/16.10.09/21.10.09 695.00   363.34 SIN B-359575 21/01/2010 1 695.00 English Books  
    Dewey Decimal Classification   Not For Loan Non-fiction D.B.Act.Division D.B.Act.Division 26/05/2009 DBAD / PUB 695.00   363.34 SIN EN-77283 26/05/2009 1 695.00 English Books  
    Dewey Decimal Classification     Non-fiction Janak Puri Janak Puri 21/01/2010 APH/21311/21.10.09/109/16.10.09/21.10.09 695.00 18 363.34 SIN B-359577 21/12/2021 1 695.00 English Books 3
    Dewey Decimal Classification     Non-fiction Patel Nagar Patel Nagar 21/01/2010 APH/21311/21.10.09/109/16.10.09/21.10.09 695.00   363.34 SIN B-359576 21/01/2010 1 695.00 English Books  
    Dewey Decimal Classification     Non-fiction Sarojini Nagar Sarojini Nagar 21/01/2010 APH/21311/21.10.09/109/16.10.09/21.10.09 695.00 5 363.34 SIN B-359578 20/03/2023 1 695.00 English Books 2
    Dewey Decimal Classification     Non-fiction Shahdara Branch Shahdara Branch 21/01/2010 APH/21311/21.10.09/109/16.10.09/21.10.09 695.00   363.34 SIN B-359581 21/01/2010 1 695.00 English Books  
    Dewey Decimal Classification     Non-fiction Vinoba Puri Vinoba Puri 21/01/2010 APH/21311/21.10.09/109/16.10.09/21.10.09 695.00 13 363.34 SIN B-359579 15/06/2018 1 695.00 English Books 1
    Dewey Decimal Classification     Non-fiction Yojana Vihar Yojana Vihar 21/01/2010 APH/21311/21.10.09/109/16.10.09/21.10.09 695.00   363.34 SIN B-359582 21/01/2010 1 695.00 English Books  

© Delhi Public Library
Hit Counter
free hit counter